| 000 | 00398nam a2200145Ia 4500 | ||
|---|---|---|---|
| 008 | 231129s2003||||xx |||||||||||||| ||spa|| | ||
| 020 | _a0-9745972-1-X | ||
| 040 | _bspa | ||
| 082 | _aCo863.6 M152f | ||
| 100 | _aMacías Luz E. | ||
| 245 | 0 | _aLos Fantasmas en el espejo | |
| 260 | _c2003 | ||
| 264 | _a: Ediciones la Cueva de la Sibila | ||
| 942 |
_2ddc _cBKS |
||
| 999 |
_c19674 _d19674 |
||